[Event "AI Cup Div 3 L"]
[Site "chess.com INT"]
[Date "2023.09.28"]
[Round "7.1"]
[White "Robson, Ray"]
[Black "Sevian, Samuel"]
[Result "0-1"]
[WhiteTitle "GM"]
[BlackTitle "GM"]
[WhiteElo "2699"]
[BlackElo "2698"]
[WhiteFideId "2023970"]
[BlackFideId "2040506"]
[EventDate "2023.09.25"]
[EventType "k.o."]

1. e4 e5 2. Nf3 Nc6 3. Bb5 a6 4. Ba4 Nf6 5. O-O d6 6. Re1 Bd7 7. c3 g6 8. d4 Bg7
9. Nbd2 O-O 10. h3 Qe8 11. Bc2 h6 12. Nf1 Nh5 13. Ng3 Nxg3 14. fxg3 Qe7 15. Be3
exd4 16. cxd4 Nb4 17. Bb3 c5 18. Qd2 Kh7 19. a3 Nc6 20. Rad1 cxd4 21. Nxd4 Ne5
22. Bd5 Rab8 23. g4 Rfc8 24. g5 h5 25. Rc1 Qd8 26. Ne2 Bxh3 27. Ba7 Ra8 28. Bd4
Bg4 29. Rf1 Rxc1 30. Nxc1 Rc8 31. Nd3 Nf3+ 32. gxf3 Bxd4+ 33. Nf2 Bh3 34. Rd1
Rc2 35. Qf4 Bxf2+ 36. Kh1 Qe7 37. Bxf7 Bc5 38. Bd5 Bg2+ 39. Kh2 Bxf3+ 40. Rd2
Qe5 0-1

[Event "AI Cup Div 3 L"]
[Site "chess.com INT"]
[Date "2023.09.28"]
[Round "7.2"]
[White "Sevian, Samuel"]
[Black "Robson, Ray"]
[Result "0-1"]
[WhiteTitle "GM"]
[BlackTitle "GM"]
[WhiteElo "2698"]
[BlackElo "2699"]
[WhiteFideId "2040506"]
[BlackFideId "2023970"]
[EventDate "2023.09.25"]
[EventType "k.o."]

1. d4 Nf6 2. Nf3 d5 3. c3 c5 4. e3 b6 5. c4 cxd4 6. exd4 g6 7. Nc3 Bg7 8. Bg5
O-O 9. Bxf6 Bxf6 10. cxd5 Na6 11. Bc4 Nc7 12. h3 Bb7 13. Qb3 b5 14. Bxb5 Rb8 15.
Be2 Nxd5 16. Nxd5 Bxd5 17. Qa3 Qb6 18. Rb1 Be4 19. Bd3 Bxf3 20. gxf3 Qxd4 21.
Be4 Rb5 22. Qe3 Qa4 23. Qa3 Qc4 24. Qd3 Qa4 25. Qa3 Qd4 26. Qe3 Qd7 27. Rd1 Qc7
28. b3 Bg5 29. Qd3 Rc5 30. Kf1 e6 31. Qd6 Qa5 32. h4 Bf6 33. Kg2 Rh5 34. a4 Bxh4
35. f4 Bf6 36. Bf3 Rxh1 37. Rxh1 Rd8 38. Qc6 Qb4 39. Qc4 Qxc4 40. bxc4 Rd4 41.
Rc1 Rxf4 42. c5 Bd8 43. Rd1 Ba5 44. Rd7 Rc4 45. c6 Bb6 46. a5 Bxa5 47. Rxa7 Rc5
48. Bd1 Kg7 49. Ba4 Kf6 50. Rb7 h5 51. f4 Rc4 52. Bb5 Rb4 53. Bd3 Rxb7 54. cxb7
Bc7 55. Kf3 g5 56. fxg5+ Kxg5 57. Bb5 f5 58. Ke3 Kg4 59. Be2+ Kg5 60. Bf1 e5 61.
Bh3 Bb6+ 62. Kd3 Ba7 63. Kc4 e4 64. Kd5 Kf4 65. Ke6 e3 66. Bf1 h4 0-1

[Event "AI Cup Div 3 L"]
[Site "chess.com INT"]
[Date "2023.09.28"]
[Round "7.3"]
[White "Robson, Ray"]
[Black "Sevian, Samuel"]
[Result "0-1"]
[WhiteTitle "GM"]
[BlackTitle "GM"]
[WhiteElo "2699"]
[BlackElo "2698"]
[WhiteFideId "2023970"]
[BlackFideId "2040506"]
[EventDate "2023.09.25"]
[EventType "k.o."]

1. e4 e5 2. Nf3 Nc6 3. Bb5 a6 4. Ba4 Nf6 5. O-O Nxe4 6. d4 b5 7. Bb3 d5 8. dxe5
Be6 9. c3 Be7 10. Nbd2 O-O 11. Bc2 f5 12. Nb3 Qd7 13. Qe1 Bf7 14. Nbd4 Nd8 15.
e6 Bxe6 16. Ne5 Qc8 17. f3 Nd6 18. Nec6 Nxc6 19. Qxe6+ Qxe6 20. Nxe6 Rfc8 21.
Nf4 d4 22. Nd5 dxc3 23. bxc3 g6 24. Bf4 Nc4 25. Nxc7 Bc5+ 26. Kh1 Ra7 27. Ne6
Be3 28. Rfe1 Bxf4 29. Nxf4 Re7 30. Bb3 Kf7 31. Rxe7+ Kxe7 32. Bxc4 bxc4 33. Nd5+
Kd6 34. Nb6 Re8 35. Rd1+ Kc5 36. Nd7+ Kb5 37. h4 Na7 38. Rd6 Nc8 39. a4+ Kxa4
40. Rxa6+ Kb3 41. Nf6 Rd8 42. Nxh7 Kxc3 43. Rxg6 Kd2 44. Rc6 c3 45. Kh2 c2 46.
Kg3 Ne7 47. Rc5 Nd5 48. Rxc2+ Kxc2 49. h5 Rh8 0-1

[Event "AI Cup Div 3 L"]
[Site "chess.com INT"]
[Date "2023.09.28"]
[Round "8.1"]
[White "Alekseev, Evgeny"]
[Black "Sevian, Samuel"]
[Result "1/2-1/2"]
[WhiteTitle "GM"]
[BlackTitle "GM"]
[WhiteElo "2573"]
[BlackElo "2698"]
[WhiteFideId "4138147"]
[BlackFideId "2040506"]
[EventDate "2023.09.25"]
[EventType "k.o."]

1. e4 g6 2. d4 Bg7 3. Nf3 d6 4. Bd3 Nf6 5. O-O O-O 6. Re1 Nc6 7. d5 Nb4 8. Bf1
Bg4 9. Nbd2 a5 10. h3 Bxf3 11. Nxf3 c6 12. c3 Na6 13. dxc6 bxc6 14. e5 Nd5 15.
exd6 exd6 16. Bg5 Nf6 17. Nd4 Qb6 18. Qf3 Nd5 19. Rad1 Nac7 20. Bc1 Rae8 21. Nc2
Rxe1 22. Nxe1 Ne8 23. Nc2 Ndc7 24. Qe3 Qb7 25. Nd4 a4 26. Qe7 Qa8 27. a3 Nd5 28.
Qd7 c5 29. Qc6 Nec7 30. Qxa8 Rxa8 31. Nb5 Rd8 32. Bc4 Nxb5 33. Bxb5 Nb6 34. Bg5
f6 35. Be3 Bf8 36. Bxc5 Rb8 37. Bd4 Kf7 38. Rd2 Bh6 39. Re2 d5 40. Bc5 Bf8 41.
Bxb6 Rxb6 42. Bxa4 Bh6 43. Rc2 Ke7 44. Kf1 f5 45. Ke2 Kd6 46. Kd3 Rb8 47. g3 g5
48. Re2 g4 49. hxg4 fxg4 50. Kc2 Bg7 51. Re8 Rb6 52. Rg8 Rb7 53. Rd8+ Ke5 54.
Rd7 Rxd7 55. Bxd7 h5 56. Kd3 Bh6 57. b4 Bg5 58. a4 Kd6 59. Bf5 Bf6 60. a5 Kc6
61. Be6 Bd8 62. Bf5 Be7 63. Bc8 Bf8 64. Be6 Be7 65. a6 Kb6 66. Bxd5 Kxa6 67. Kc4
h4 68. Kd3 hxg3 69. fxg3 Bd6 70. Be6 Kb6 71. Bxg4 Bxg3 72. c4 Bd6 73. Kc3 Be7
74. Kb3 Bd6 75. Ka4 Be7 1/2-1/2

[Event "AI Cup Div 3 L"]
[Site "chess.com INT"]
[Date "2023.09.28"]
[Round "8.2"]
[White "Sevian, Samuel"]
[Black "Alekseev, Evgeny"]
[Result "1-0"]
[WhiteTitle "GM"]
[BlackTitle "GM"]
[WhiteElo "2698"]
[BlackElo "2573"]
[WhiteFideId "2040506"]
[BlackFideId "4138147"]
[EventDate "2023.09.25"]
[EventType "k.o."]

1. c4 c5 2. Nf3 Nc6 3. d4 cxd4 4. Nxd4 Qb6 5. Nc2 Nf6 6. Nc3 e6 7. e4 Bc5 8. Qd2
Be7 9. Be2 O-O 10. O-O Qc7 11. f4 d6 12. b3 b6 13. Bb2 Bb7 14. Rad1 Rad8 15. Bf3
Qb8 16. Kh1 Rfe8 17. g4 Bf8 18. g5 Nd7 19. Ne3 a6 20. Ng4 e5 21. Nd5 exf4 22.
Qxf4 Nce5 23. Nge3 Ng6 24. Qg3 Nc5 25. Nf5 Bxd5 26. exd5 b5 27. cxb5 Qxb5 28. h4
Ne5 29. h5 Qd7 30. Bg2 a5 31. Rf4 Qb7 32. Nd4 Ra8 33. Nc6 Ncd7 34. Rdf1 a4 35.
b4 a3 36. Ba1 Rac8 37. h6 g6 38. Qc3 f6 39. gxf6 Nf7 40. Bh3 Bxh6 41. Rc4 Bf8
42. Be6 Rxe6 43. dxe6 Nde5 44. exf7+ Kxf7 45. b5 Qxb5 46. Nxe5+ dxe5 47. Rc7+ 1-0